Устройство точного позиционирования зонда для сканирующих зондовых микроскопов; Приборы и техника эксперимента; № 3

Dades bibliogràfiques
Parent link:Приборы и техника эксперимента/ Российская академия наук.— , 1956-.— 0032-8162
№ 3.— 2003.— с. 127-130
Autor principal: Жахарев А. В.
Altres autors: Быстров С. Г., Карбань О. В.
Idioma:rus
Publicat: 2003
Col·lecció:Лабораторная техника
Matèries:
Format: Capítol de llibre
KOHA link:https://koha.lib.tpu.ru/cgi-bin/koha/opac-detail.pl?biblionumber=427192

MARC

LEADER 00000naa2a2200000 4500
001 427192
005 20231101074627.0
035 |a (RuTPU)RU\TPU\prd\86316 
035 |a RU\TPU\prd\17122 
090 |a 427192 
100 |a 20100903a2003 k y0rusy50 ca 
101 0 |a rus 
102 |a RU 
200 1 |a Устройство точного позиционирования зонда для сканирующих зондовых микроскопов  |f А. В. Жахарев, С. Г. Быстров, О. В. Карбань 
225 1 |a Лабораторная техника 
320 |a Библиогр.: 8 назв. 
461 1 |0 (RuTPU)RU\TPU\prd\300  |x 0032-8162  |t Приборы и техника эксперимента  |f Российская академия наук  |d 1956- 
463 1 |0 (RuTPU)RU\TPU\prd\86298  |t № 3  |v с. 127-130  |d 2003 
610 1 |a устройства 
610 1 |a позиционирование 
610 1 |a зонды 
610 1 |a сканирующие микроскопы 
610 1 |a зондовые микроскопы 
610 1 |a методы исследования 
610 1 |a поверхности материалов 
675 |a 537.533.35  |v 3 
700 1 |a Жахарев  |b А. В. 
701 1 |a Быстров  |b С. Г. 
701 1 |a Карбань  |b О. В. 
801 1 |a RU  |b 63413507  |c 20030909  |g PSBO 
801 2 |a RU  |b 63413507  |c 20100906  |g RCR 
942 |c BK